Ten Little Dinosaurs / (Record no. 49219)
| 000 -LEADER | |
|---|---|
| fixed length control field | 00384nam a2200121 4500 |
| 020 ## - INTERNATIONAL STANDARD BOOK NUMBER | |
| International Standard Book Number | 9781408346464 |
| 100 ## - MAIN ENTRY--PERSONAL NAME | |
| Personal name | Brownlow, Mike, |
| Relator term | author. |
| 9 (RLIN) | 85133 |
| 245 ## - TITLE STATEMENT | |
| Title | Ten Little Dinosaurs / |
| Remainder of title | by Mike Brownlow and Illustrated by Simon Rickerty. |
| 260 ## - PUBLICATION, DISTRIBUTION, ETC. (IMPRINT) | |
| Place of publication, distribution, etc | Great Britain; |
| Name of publisher, distributor, etc | Orchard Books: |
| Date of publication, distribution, etc | 2017. |
| 300 ## - PHYSICAL DESCRIPTION | |
| Extent | 28 pages. |
| Dimensions | 7.13 x 0.79 x 6.89 inches. |
| 490 ## - SERIES STATEMENT | |
| Series statement | Ten Little |
| 942 ## - ADDED ENTRY ELEMENTS (KOHA) | |
| Source of classification or shelving scheme | |
| Koha item type | Board Book |
| Withdrawn status | Lost status | Source of classification or shelving scheme | Damaged status | Not for loan | Home library | Current library | Date acquired | Total Checkouts | Full call number | Barcode | Checked out | Date last seen | Date checked out | Price effective from | Koha item type |
|---|---|---|---|---|---|---|---|---|---|---|---|---|---|---|---|
| Logos International School | Logos International School | 08/11/2025 | 3 | BB BRO | 042827 | 02/13/2026 | 09/29/2025 | 09/29/2025 | 08/11/2025 | Board Book |